Library Banner

Tarz i dilbari = طرز دلبری / (Record no. 136295)

MARC details
000 -LEADER
fixed length control field 00587nam a22001577a 4500
005 - DATE AND TIME OF LATEST TRANSACTION
control field 20241213122337.0
008 - FIXED-LENGTH DATA ELEMENTS--GENERAL INFORMATION
fixed length control field 241213b |||||||| |||| 00| 0 eng d
040 ## - CATALOGING SOURCE
Transcribing agency PK-LaUMT
082 ## - DEWEY DECIMAL CLASSIFICATION NUMBER
Classification number APC 297.4092
Item number KHA-T
100 ## - MAIN ENTRY--PERSONAL NAME
Personal name Khawaja Muhammad Nawaz Butt Hasani Ashrafi = خواجہ محمد نواز بٹ حسنی اشرفی
245 ## - TITLE STATEMENT
Title Tarz i dilbari = طرز دلبری /
Statement of responsibility, etc by Khawaja Muhammad Nawaz Butt Hasani Ashrafi = خواجہ محمد نواز بٹ حسنی اشرفی
260 ## - PUBLICATION, DISTRIBUTION, ETC. (IMPRINT)
Place of publication, distribution, etc Karachi :
Name of publisher, distributor, etc Sani Process,
Date of publication, distribution, etc 1997
300 ## - PHYSICAL DESCRIPTION
Extent 218 p.
546 ## - LANGUAGE NOTE
Language note Urdu
942 ## - ADDED ENTRY ELEMENTS (KOHA)
Koha item type Books
Holdings
Withdrawn status Lost status Damaged status Home library Current library Date acquired Full call number Barcode Date last seen Price effective from Koha item type
      UMT Main Campus UMT Main Campus 2024-12-13 APC 297.4092 KHA-T 148102 2024-12-13 2024-12-13 Books